Analýza indikátorov merania koncentrácie v odvetví výroba a rozvod elektriny, plynu, pary a teplej vody dizertačná práca

Na minha lista:
Detalhes bibliográficos
Autor principal: Oršulová, Anna
Autor Corporativo: Ekonomická univerzita v Bratislave. Fakulta hospodárskej informatiky
Outros Autores: Brezina, Ivan, 1963-
Formato: Livro
Idioma:eslovaco
Publicado em: Bratislava 2008
Assuntos:
Tags: Adicionar Tag
Sem tags, seja o primeiro a adicionar uma tag!

MARC

LEADER 00000nam$a2200000$$$4500
001 0082621
005 20240109071050.7
041 0 |a slo 
044 |a SK 
245 1 0 |a Analýza indikátorov merania koncentrácie v odvetví výroba a rozvod elektriny, plynu, pary a teplej vody  |b dizertačná práca  |c Anna Oršulová ; škol. Ivan Brezina 
264 1 |a Bratislava  |c 2008 
300 |a 139 s. 
610 2 0 |a odvetvia činnosti ekonomickej 
610 2 0 |a výroba 
610 2 0 |a elektrina 
610 2 0 |a rozvod energie 
610 2 0 |a plyn 
610 2 0 |a voda 
100 1 |a Oršulová, Anna 
700 1 |a Brezina, Ivan, 1963- 
710 2 |a Ekonomická univerzita v Bratislave. Fakulta hospodárskej informatiky